| 000 | 00592nam a2200181 i 4500 | ||
|---|---|---|---|
| 001 | 63882 | ||
| 003 | ES-MaACL | ||
| 005 | 20230906165007.0 | ||
| 007 | t| | ||
| 008 | 031217s1975 sp ||||1| spa d | ||
| 245 | 0 | 3 | _aLa Filosofía del Derecho en España. |
| 260 |
_aGranada : _bUniversidad de Granada, Cátedra Francisco Suárez, _c[1975] |
||
| 300 |
_aVIII, 452 p. ; _c25 cm. |
||
| 490 | 1 |
_aAnales de la cátedra Francisco Suárez ; _v15-1975 |
|
| 830 | 0 |
_aAnales de la cátedra Francisco Suárez ; _v15-1975 _9230694 |
|
| 852 |
_aES-MaACL _jA-6454 _bR.94331 |
||
| 999 |
_c63882 _d63882 |
||